| 000 | 00350nam a2200145 a 4500 | ||
|---|---|---|---|
| 008 | 980204s1964||||xx 0 und c | ||
| 040 |
_aSNK _bslo _cSNK _eAACR2 |
||
| 100 | 1 | _aKuprin, Alexander Ivanovič | |
| 245 | 1 | 0 | _aGranátová náramnica |
| 260 |
_aBratislava _bSVKL _c1964 |
||
| 300 | _a86 s. | ||
| 020 | _c6 | ||
| 041 | _aslo | ||
| 044 |
_axo _cSK |
||
| 999 |
_c12249 _d12249 |
||